NRJ Music Awards 2013 (15ème édition) - Les gagnants - Statistiques

Statistiques générales
  • Ce quiz a été pris 6 fois
  • Le résultat moyen est 1 sur 12
Statistiques - réponses
Hint Réponse % Correct
Artiste féminine francophone Tal
80%
Révélation francophone Louis Delort
20%
Groupe/duo internationale One Direction
20%
Groupe/duo francophone Robin des bois
20%
Clip de l'année Best Song Ever (One Direction)
0%
Artiste masculin international Bruno Mars
0%
Award d'honneur Christophe Mae
0%
Chanson francophone Formidable (Stromae)
0%
Révélation internationale James Arthur
0%
Artiste féminine internationale Kate Perry
0%
Chanson internationale Roar (Katy Perry)
0%
Artiste masculin francophone Stromae
0%
Aucun quiz correspondant
Distribution des résultats
% des personnes avec chaque résultat
Percentile par nombre de réponses
Votre historique - résultats
Vous n’avez pas pris ce quiz